000 00596nam a2200205Ia 4500
005 20250508150702.0
008 008 250505s9999 xx 000 0 eng d
037 _aTextual
040 _aFEDL
_beng
_cFEDL
041 _aeng
_2eng
084 _a370.973, DOU
_qFEDL
100 _aDouglass Harl R
_992398
245 0 _aAmerican public education : An introduction
260 _aNew York, USA
_bThe Ronalad Press Company
_c1948
300 _axii,593p.
650 _aEducation
700 _a Grieder Calvin
_9757368
942 _cTEXL
_h370.973, DOU
999 _c1325052
_d1325052